Sports Quiz

Random Sports or Hockey Quiz

NHL Team's Last MVP Quiz Stats

 Plays Quiz Updated Sep 5, 2019

Score 0/24 Timer 05:00
20 Plays Today
Team MVP % Correct
Pittsburgh PenguinsSidney Crosby
93.6%
Washington CapitalsAlexander Ovechkin
89.8%
Los Angeles KingsWayne Gretzky
83.4%
Edmonton OilersConnor McDavid
81.9%
New York RangersMark Messier
79.6%
Tampa Bay LightningNikita Kucherov
79.3%
New Jersey DevilsTaylor Hall
77.7%
San Jose Sharks Joe Thornton
76.6%
Vancouver CanucksHenrik Sedin
75.5%
Colorado AvalanchePeter Forsberg
69.5%
Buffalo SabresDominik Hasek
67%
Philadelphia FlyersEric Lindros
65.4%
Team MVP % Correct
Boston BruinsPhil Esposito
54.9%
Montreal CanadiensCarey Price
54.7%
Chicago BlackhawksPatrick Kane
53.2%
St. Louis BluesChris Pronger
52%
New York IslandersBryan Trottier
43.7%
Detroit Red Wings Sergei Fedorov
42.9%
Anaheim DucksCorey Perry
39%
Toronto Maple LeafsTed Kennedy
8%
Montreal MaroonsNels Stewart
4.1%
Ottawa SenatorsFrank Nighbor
3.8%
Brooklyn AmericansTommy Anderson
3.2%
Hamilton TigersBilly Burch
2%

You're not logged in!

Compare scores with friends on all Sporcle quizzes.
OR
Log In

Sporcle TV

Today on Sporcle TV


Watch our educational content, quiz creation guides, and fun videos on Sporcle TV.

Show Comments

Extras

Top Quizzes Today


Score Distribution

Your Account Isn't Verified!

In order to create a playlist on Sporcle, you need to verify the email address you used during registration. Go to your Sporcle Settings to finish the process.

Report this User

Report this user for behavior that violates our Community Guidelines.

Details: